MDQL
is popping MORE tags! Check the
thread
!
Quizzes
Events
Quiz Creation
Community
Videos
Private Events
Remove Ads
Sign In
Join for FREE
Feedback
Dark Mode
Quiz Categories
Sports
Geography
Music
Movies
Television
Just For Fun
Miscellaneous
History
Literature
Language
Science
Gaming
Entertainment
Religion
Holiday
For Kids
Quiz Lab
Recent
Popular Today
Quiz Kudos Today
Editor Picks
Curator Picks
Quizzes by...
Day
Popularity
Type
Ratings
Length
Year
Community
Subscriptions
Recent Discussions
Orange Saloon
Badges
Playlists
Quests
Create
Leaderboards
Showdown
Live 5
Trivia Bingo
Activity
Puzzle Library
Sporcle Events
Private Events
Virtual Trivia
Globe League
Become a Host
Pub Owners
SporcleCon
Opinionation
Our Games
Videos
Blog
Mobile Apps
Partnerships
Remove Ads and Go Orange
Feedback
Television
TV Characters
TV Show
Sitcom
Network
Friends
Reality Shows
Cast
South Park
Star Trek
The Simpsons
Doctor Who
Television
TV Characters
TV Show
Sitcom
Network
Friends
Reality Shows
Cast
South Park
Star Trek
The Simpsons
Doctor Who
Random Quiz
Search Sporcle
×
Quiz Lab
Quiz Lab
Television
Desperate Housewives
Type in answers that appear in a list
Type in answers that appear in a list
Classic
Best Score? Go Orange.
Desperate Housewives Characters Stats
Can you name the Desperate Housewives Character?
By
LadyGagaFan
10m
52 Questions
1,672 Plays
1,672 Plays
1,672 Plays
Comments
Comments
Give Quiz Kudos
Give Quiz Kudos
-
- Ratings
hide this ad
Replay
Link that replays current quiz
Next Quiz
Link to next quiz in quiz playlist
You Got
0%
They Got
Avg Score
68%
Avg Friend Score
Upgrade to see
Score Distribution
Jump to the score distribution portion of the page
Score
0/52
Timer
10:00
0
Plays Today
Character
% Correct
Susan
97.7%
Bree
96.4%
Lynette
96.1%
Gabrielle
93.9%
Mike
93.7%
Carlos
92.8%
Tom
91.2%
Julie
88.4%
Orson
87.7%
Porter
87.7%
Penny
87.7%
Preston
87.3%
Rex
85.9%
Parker
85.5%
Andrew
85.1%
Edie
84%
Danielle
83.1%
Juanita
82.2%
MJ
81.5%
Mary Alice
79.9%
Paul
77.2%
Celia
76%
Karen
75.8%
Karl
75.2%
Katherine
74.9%
Zach
71%
Character
% Correct
Paige
69.3%
Betty
65.8%
Angie
64.7%
John
62.3%
Renee
61.7%
Dave
61.2%
Martha
58.4%
Dylan
57.8%
Danny
57.5%
Matthew
57.1%
George
55%
Ida
54.5%
Felicia
53.9%
Bob
53.4%
Lee
53.2%
Nick
51.7%
Ana
51.6%
Caleb
51.1%
Victor
50.1%
Beth
45.4%
Kayla
44.8%
Eddie
41.6%
Gloria
38.3%
Austin
36.4%
Justin
29.5%
Mitzi
23.7%
Quiz Playlist
Details
Report
Send in Message
Add To Playlist
Classic:
Type in answers that appear in a list
Last Updated: Feb 16, 2017
Quiz Scoreboard
CHALLENGE
Sign Up to Join the Scoreboard
Show All
Scores
Hide
Comments
May contain spoilers
Recently Published
Find the 'City' Movie
by crazypaving
Movies
60s
5x2 Blitz: Bands
by SL_Kpop136
Music
30s
Colored Red Africa Blitz
by spor1
Geography
30s
More to Explore
Quiz From the Vault
Featured Blog Post
14 Easter Pick-up Lines to Find Eggs With
hide this ad
You Might Also Like...
Tags
Desperate Housewives
Today's Top Quizzes in Television
Browse Television
hide this ad
Top Contributed Quizzes in Television
1
Survivor Journey Challenge
2
Brooklyn Nine Nine Logic Puzzle (How-To-Play)
3
Phoebe Buffay Quotes
4
Survivor Trivia
5
Survivor Logic Puzzle: Heroes vs. Villains
6
One Tree Hill Logic Puzzle
7
Survivor Heroes vs. Villains Logic Puzzle
8
All US Survivor Seasons in Order
9
Game of Thrones: Tywin Lannister Start to Finish
10
Emmerdale Characters (from August 2012)
Explore More
Trending Topics
Crossword
Marvel
Kpop
NBA
Anime
Harry Potter
Disney
NFL
Country
Pokémon
Song
WWE
The Office
Soccer
Puzzle
hide this ad
More By:
LadyGagaFan
Quiz
Plays
Rating
Category
Featured
Created
Desperate Housewives Characters
1,672
1.83
Television
Mar 21, 2011
Go to Creator's Profile
Score Distribution
Quiz Creator Spotlight
LadyGagaFan
Follow
Send a Message
Quizzes Created
-
Created Quiz Play Count
-
More By This Creator
Popular Quizzes Today
1
Colored Red Africa Blitz
2
Find the US States - No Outlines Minefield
3
Find the 'City' Movie
4
5x2 Blitz: Bands
5
The Countries of the World
6
Find the US States
7
US States
8
9x9 Crossword: Cartoon Network
More Television Quizzes
US TV Show Geography
Published
Trending Quizzes
Colored Red Europe Blitz I
Colored Red Europe Blitz II
Colored Red Africa Blitz II
Colored Red Europe Blitz III
Colored Red Africa Blitz III
Recently Updated
Godzilla Movies
pecheneg
Grab Bag: 4-10 Letters
pecheneg
2024 March Madness Bracket
pecheneg
Famous TV Couples
Peacemaker
Champions League XIs: Real Madrid
pecheneg
Largest US Cities 1790-2010
pecheneg
Rides in Walt Disney World
pecheneg
Most Oscar Losses (Acting)
pecheneg
Beyoncé Albums
pecheneg
Leaping Animals
pecheneg
Trending Topics
Kpop
Disney
Harry Potter
NBA
Anime
Crossword
Marvel
WWE
Pokémon
Puzzle
Soccer
Song
The Office
Country
NFL
Your Account Isn't Verified!
In order to create a playlist on Sporcle, you need to verify the email address you used during registration. Go to your
Sporcle Settings
to finish the process.
Report this User
Report this user for behavior that violates our
Community Guidelines
.
Details:
Send Report
Go to the Sporcle.com Mobile Site →
Comments